00437nam a2200109Ia 4500008004100000245015500041260003500196260000900231300000800240650001300248856006600261170516s9999 xx 000 0 und d aDichlorvos‐induced oxidative stress in rat brain: Protective effects of the ethanolic extract of Alstonia boonei stem bark Mr. Oluwafemi Adeleke Ojo bAsian Journal of Pharmaceutics c2015 a8:4 xPharmacy uhttp://www.asiapharmaceutics.info/index.php/ajp/issue/view/56